U.S. Cities With The Biggest Downtowns - Statistics

General Stats
  • This quiz has been taken 77 times
  • The average score is 22 of 25
Answer Stats
City % Correct
Los Angeles
98%
New York
98%
Chicago
97%
Houston
97%
Miami
97%
San Francisco
97%
Dallas
95%
Seattle
95%
Washington D.C.
95%
Boston
94%
Philadelphia
92%
Detroit
90%
Denver
89%
San Diego
89%
Atlanta
87%
Baltimore
86%
Minneapolis
86%
Portland
84%
Cleveland
83%
Indianapolis
81%
Nashville
81%
St. Louis
81%
Austin
79%
Pittsburgh
79%
Honolulu
63%
No matching quizzes found
Score Distribution
Percent of People with Each Score
Percentile by Number Answered
Your Score History
You have not taken this quiz